000 00558nam a2200205 i 4500
001 bg
100 1 _aBARGIEL, Zofia
245 1 0 _aStres - problem otwarty /
_cZofia Bargiel.
260 _aToruń :
_bUniwersytet Mikołaja Kopernika,
_c1997.
300 _a138 s., [2] s. il. kolor. :
_brys. ;
_c21 cm.
504 _aBibliogr. s. 131-138.
650 9 _aStres
020 _a8323108641
040 _cBPK
041 0 _apl
080 _a159.91:159.94:616-092:613.86
920 _a83-23108-64-1
942 _cKS
008 s pl f |000 0 pol
999 _c37544
_d37544
856 _uhttp://koha.tu.koszalin.pl/cgi-bin/koha/opac-detail.pl?biblionumber=37544
_yKatalog online BPK